[Event "GRE-ch U18 Girls 22nd"]
[Site "Rethymno"]
[Date "2020.01.03"]
[Round "2"]
[White "Apostolidou, Eleni"]
[Black "Foinikianaki, Stella"]
[Result "0-1"]
[WhiteElo "1436"]
[BlackElo "1537"]
[PlyCount "62"]
[EventDate "2020.01.02"]
[EventType "swiss"]
[EventRounds "9"]
[EventCountry "GRE"]
[SourceTitle "EXT 2021"]
[Source "ChessBase"]
[SourceDate "2020.10.23"]
[SourceVersion "1"]
[SourceVersionDate "2020.10.23"]
[SourceQuality "1"]

1. d4 d5 2. Nf3 Nf6 3. e3 Bf5 4. Nh4 e6 5. Nxf5 exf5 6. g3 g6 7. Bg2 Bg7 8. 0-0 Nbd7 9. b3 0-0 10. Bb2 Re8 11. Nd2 Nf8 12. c4 c6 13. Qc2 Ne6 14. Rac1 h5 15. Nf3 Ne4 16. cxd5 cxd5 17. Ne5 h4 18. f3 Nd6 19. Qf2 Bf6 20. e4 hxg3 21. hxg3 dxe4 22. fxe4 Nxd4 23. Nxg6 fxg6 24. Bxd4 Nxe4 25. Bxf6 Qxf6 26. Qf4 Qb6+ 27. Kh1 g5 28. Qf3 Kg7 29. Bh3 Rh8 30. Kg2 Rxh3 31. Kxh3 g4+ 0-1

[Event "Agios Nikolaos op 3rd"]
[Site "Agios Ioannis"]
[Date "2019.08.31"]
[Round "7"]
[White "Foinikianaki, Stella"]
[Black "Iasman, Inna"]
[Result "1/2-1/2"]
[WhiteElo "1546"]
[BlackElo "1815"]
[PlyCount "110"]
[EventDate "2019.08.26"]
[EventType "swiss"]
[EventRounds "9"]
[EventCountry "GRE"]
[SourceTitle "EXT 2020"]
[Source "ChessBase"]
[SourceDate "2019.10.17"]
[SourceVersion "1"]
[SourceVersionDate "2019.10.17"]
[SourceQuality "1"]

1. e4 c6 2. d4 d5 3. f3 Nf6 4. Nd2 e6 5. c3 c5 6. Bd3 cxd4 7. Qa4+ Nc6 8. Bb5 dxe4 9. Nxe4 Nxe4 10. Bxc6+ bxc6 11. Qxc6+ Bd7 12. Qxe4 dxc3 13. bxc3 Rc8 14. Ne2 Bc6 15. Qd4 Qa5 16. Be3 Bd5 17. Qxa7 Qb5 18. Qb6 Qa4 19. 0-0 Be7 20. Qd4 Qxd4 21. Bxd4 0-0 22. a4 Bc4 23. Rfe1 f6 24. Ng3 e5 25. Nf5 Bd8 26. Bf2 Ba5 27. Rec1 Rcd8 28. Bc5 Rfe8 29. Nd6 Rxd6 30. Bxd6 e4 31. Bc5 e3 32. Bd4 f5 33. Rab1 e2 34. Kf2 Re7 35. Rb8+ Kf7 36. Ra8 Bc7 37. Ra7 Bxh2 38. Rxe7+ Kxe7 39. Re1 g6 40. Rxe2+ Bxe2 41. Kxe2 Bc7 42. c4 Kd6 43. Ba7 Kc6 44. c5 h5 45. Ke3 g5 46. Bb6 Be5 47. a5 Kb5 48. Bd8 g4 49. fxg4 hxg4 50. Bb6 f4+ 51. Ke4 f3 52. gxf3 gxf3 53. Kxf3 Bd4 54. a6 Kxa6 55. Ke4 Bxc5 1/2-1/2

[Event "GRE-ch U14 Girls"]
[Site "Patras"]
[Date "2019.06.26"]
[Round "3.4"]
[White "Kratimenou, Maria"]
[Black "Foinikianaki, Stella"]
[Result "0-1"]
[WhiteElo "1285"]
[BlackElo "1520"]
[PlyCount "62"]
[EventDate "2019.06.25"]
[EventType "swiss"]
[EventRounds "9"]
[EventCountry "GRE"]
[SourceTitle "EXT 2020"]
[Source "ChessBase"]
[SourceDate "2019.10.17"]
[SourceVersion "1"]
[SourceVersionDate "2019.10.17"]
[SourceQuality "1"]
[WhiteTeam "Greece"]
[BlackTeam "Greece"]
[WhiteTeamCountry "GRE"]
[BlackTeamCountry "GRE"]

1. e4 e5 2. Nf3 Nc6 3. Nc3 Nf6 4. Bb5 Bd6 5. d3 0-0 6. 0-0 a6 7. Bc4 Na5 8. Bb3 Nxb3 9. axb3 c6 10. Ne2 Bc7 11. Ng3 d5 12. Re1 Re8 13. h3 b5 14. b4 a5 15. bxa5 Rxa5 16. Rxa5 Bxa5 17. Bd2 Bxd2 18. Qxd2 dxe4 19. Nxe4 Nxe4 20. Rxe4 f6 21. Qc3 Bf5 22. Re1 Qd5 23. Nd2 Ra8 24. Ne4 Ra4 25. Qc5 Bxe4 26. Qe7 Bg6 27. Qc7 Ra8 28. Qb7 Ra4 29. Qc8+ Kf7 30. Qc7+ Kf8 31. Qc8+ Ke7 0-1

[Event "GRE-ch U14 Girls"]
[Site "Rio Achaia"]
[Date "2018.07.09"]
[Round "9"]
[White "Karavitaki, Evaggelia"]
[Black "Foinikianaki, Stella"]
[Result "1-0"]
[WhiteElo "1723"]
[BlackElo "1417"]
[PlyCount "37"]
[EventDate "2018.07.03"]
[EventType "swiss"]
[EventRounds "9"]
[EventCountry "GRE"]
[SourceTitle "EXT 2019"]
[Source "ChessBase"]
[SourceDate "2018.10.10"]
[SourceVersion "1"]
[SourceVersionDate "2018.10.10"]
[SourceQuality "1"]

1. e4 d6 2. d4 Nf6 3. Nc3 e5 4. dxe5 dxe5 5. Qxd8+ Kxd8 6. Bg5 c6 7. 0-0-0+ Nbd7 8. Bc4 Ke8 9. Nf3 b5 10. Bd3 a5 11. Ne2 Ba6 12. Ng3 c5 13. c3 Ng4 14. Rhf1 c4 15. Bc2 Bc5 16. Nf5 Bxf2 17. h3 Be3+ 18. Nxe3 Nxe3 19. Bxe3 1-0

[Event "Heraklion op 23rd"]
[Site "Heraklion"]
[Date "2018.04.13"]
[Round "6"]
[White "Bras, Emanouel"]
[Black "Foinikianaki, Stella"]
[Result "1-0"]
[WhiteElo "1894"]
[BlackElo "1351"]
[PlyCount "65"]
[EventDate "2018.04.09"]
[EventType "swiss"]
[EventRounds "9"]
[EventCountry "GRE"]
[SourceTitle "CBM 184 Extra"]
[Source "ChessBase"]
[SourceDate "2018.06.28"]
[SourceVersion "1"]
[SourceVersionDate "2018.06.28"]
[SourceQuality "1"]

1. d4 d5 2. Nf3 Nf6 3. Bf4 Bf5 4. Nc3 c6 5. e3 e6 6. Bd3 Bxd3 7. cxd3 Qb6 8. Qc2 Nh5 9. Be5 Nd7 10. 0-0 f6 11. Bg3 Nxg3 12. hxg3 e5 13. e4 dxe4 14. dxe4 exd4 15. Na4 Qb4 16. a3 Qd6 17. b4 b5 18. Nb2 Ne5 19. Rfd1 Nxf3+ 20. gxf3 Be7 21. Nd3 a5 22. Kg2 a4 23. Rac1 Rc8 24. Qa2 Qd7 25. e5 h5 26. Re1 f5 27. Nf4 Qa7 28. Qe6 Qb7 29. Qg6+ Kd7 30. Qxf5+ Ke8 31. Ne6 Bd8 32. Nxg7+ Qxg7 33. Qxc8 1-0

[Event "Heraklion op 21st"]
[Site "Heraklion"]
[Date "2017.09.07"]
[Round "6"]
[White "Foinikianaki, Stella"]
[Black "Dagkonaki, Antonia"]
[Result "1-0"]
[WhiteElo "1231"]
[BlackElo "1355"]
[PlyCount "127"]
[EventDate "2017.09.03"]
[EventType "swiss"]
[EventRounds "9"]
[EventCountry "GRE"]
[SourceTitle "CBM 180 Extra"]
[Source "ChessBase"]
[SourceDate "2017.10.06"]
[SourceVersion "1"]
[SourceVersionDate "2017.10.06"]
[SourceQuality "1"]

1. e4 e5 2. Nf3 Nc6 3. Bc4 Bc5 4. c3 Nf6 5. d4 exd4 6. cxd4 Bb4+ 7. Bd2 Bxd2+ 8. Nbxd2 d5 9. exd5 Nxd5 10. 0-0 0-0 11. Rc1 Nf6 12. Bb3 Re8 13. Re1 Rxe1+ 14. Qxe1 Bg4 15. h3 Bh5 16. Rc5 Rc8 17. Qc1 Kf8 18. Rb5 Rb8 19. Qc5+ Kg8 20. Qc4 Bg6 21. Rc5 Qd6 22. Qc1 Rc8 23. d5 Ne7 24. Ra5 Nexd5 25. Bxd5 Nxd5 26. Nc4 Qe6 27. Rxa7 b5 28. Nd4 Qe8 29. Na3 b4 30. Nab5 Bd3 31. Rb7 Bxb5 32. Nxb5 Rb8 33. Nxc7 Rc8 34. Nxe8 Rxc1+ 35. Kh2 Rc8 36. Nd6 Ra8 37. Rb5 Nf6 38. Rxb4 Kf8 39. a3 Ke7 40. Nf5+ Kf8 41. Rb7 Rd8 42. b4 g6 43. Nh6 Rd7 44. Rxd7 Nxd7 45. Ng4 Nb6 46. Ne3 Ke7 47. Kg3 Kd6 48. Kf4 f6 49. h4 Ke6 50. Ke4 h5 51. Kd4 Nd7 52. a4 Kd6 53. Nc4+ Kc6 54. b5+ Kb7 55. a5 g5 56. g3 gxh4 57. gxh4 Ka7 58. Kd5 Kb7 59. Kd6 Nb8 60. Ke6 Ka7 61. Kxf6 Nd7+ 62. Kg6 Nc5 63. Kxh5 Ne4 64. f4 1-0

[Event "Heraklion op 21st"]
[Site "Heraklion"]
[Date "2017.09.06"]
[Round "5"]
[White "Burnett, Leon P"]
[Black "Foinikianaki, Stella"]
[Result "1-0"]
[WhiteElo "1887"]
[BlackElo "1231"]
[PlyCount "65"]
[EventDate "2017.09.03"]
[EventType "swiss"]
[EventRounds "9"]
[EventCountry "GRE"]
[SourceTitle "CBM 180 Extra"]
[Source "ChessBase"]
[SourceDate "2017.10.06"]
[SourceVersion "1"]
[SourceVersionDate "2017.10.06"]
[SourceQuality "1"]

1. c4 c6 2. Nf3 d5 3. b3 Bf5 4. g3 e6 5. Bg2 Nf6 6. Bb2 Be7 7. 0-0 0-0 8. d3 c5 9. cxd5 exd5 10. d4 c4 11. bxc4 dxc4 12. Nbd2 Be6 13. Ne5 Qc7 14. Rc1 c3 15. Rxc3 Qb6 16. Ndc4 Qb5 17. Rb3 Qa4 18. Rxb7 Qxd1 19. Rxd1 Bd8 20. Ba3 Re8 21. Nd6 Rf8 22. Ndxf7 Re8 23. Nd6 Rf8 24. Ne4 Re8 25. Rb2 Nd5 26. Nc5 Nc3 27. Rc1 Bd5 28. Rxc3 Bxg2 29. Kxg2 Ba5 30. Rd3 Bc7 31. Rb7 Bxe5 32. dxe5 Nc6 33. Rdd7 1-0

[Event "GRE-ch U12 Girls"]
[Site "Achaia"]
[Date "2017.07.01"]
[Round "8"]
[White "Foinikianaki, Stella"]
[Black "Apostolakaki, Evangelia"]
[Result "0-1"]
[WhiteElo "1215"]
[BlackElo "1218"]
[PlyCount "102"]
[EventDate "2017.06.26"]
[EventType "swiss"]
[EventRounds "9"]
[EventCountry "GRE"]
[SourceTitle "CBM 179 Extra"]
[Source "ChessBase"]
[SourceDate "2017.08.23"]
[SourceVersion "1"]
[SourceVersionDate "2017.08.23"]
[SourceQuality "1"]

1. e4 e5 2. Nf3 Nc6 3. Bc4 Bc5 4. c3 Nf6 5. d4 exd4 6. cxd4 Bb4+ 7. Bd2 Bxd2+ 8. Nbxd2 d5 9. exd5 Nxd5 10. 0-0 0-0 11. Ne5 Nb6 12. Ndf3 Nxe5 13. Nxe5 Nxc4 14. Nxc4 Be6 15. Ne3 c6 16. b4 Qd7 17. f4 Rfe8 18. f5 Bxa2 19. Ng4 Bc4 20. Ne5 Qd5 21. Ra5 b5 22. Rf3 f6 23. Nxc4 Qxc4 24. Ra6 Qxb4 25. Qb3+ Qxb3 26. Rxb3 Re1+ 27. Kf2 Rc1 28. Rg3 Kf7 29. Rga3 h6 30. Rxa7+ Rxa7 31. Rxa7+ Kg8 32. Rc7 Rc4 33. Ke3 h5 34. Kd3 Kh7 35. Ke4 Kh6 36. h3 Rc2 37. g4 hxg4 38. hxg4 Rc4 39. Kd3 g6 40. Rf7 Kg5 41. Ke4 c5 42. Rd7 Rxd4+ 43. Rxd4 cxd4 44. Kxd4 gxf5 45. gxf5 Kxf5 46. Kc5 Kg4 47. Kxb5 f5 48. Kc4 Kg3 49. Kd3 f4 50. Ke2 Kg2 51. Ke1 f3 0-1

[Event "GRE-ch U20 Girls"]
[Site "Chania"]
[Date "2017.01.08"]
[Round "9.5"]
[White "Hrysogelou, Athanasia Panagiota"]
[Black "Foinikianaki, Stella"]
[Result "1-0"]
[WhiteElo "1703"]
[BlackElo "1155"]
[PlyCount "59"]
[EventDate "2017.01.02"]
[EventType "swiss"]
[EventRounds "9"]
[EventCountry "GRE"]
[SourceTitle "EXT 2024"]
[Source "ChessBase"]
[SourceDate "2023.10.10"]
[SourceVersion "1"]
[SourceVersionDate "2023.10.10"]
[SourceQuality "1"]

1. d4 d5 2. c4 c6 3. Nf3 Nf6 4. e3 Bf5 5. Nc3 e6 6. Nh4 Bg6 7. Nxg6 fxg6 8. a3 Be7 9. g3 0-0 10. Bh3 Qd7 11. 0-0 dxc4 12. a4 Qd6 13. Qe2 Na6 14. Qxc4 Nc7 15. e4 Qd7 16. Bf4 Nfe8 17. Rad1 b5 18. axb5 cxb5 19. Qb3 a5 20. d5 a4 21. Qc2 Bd6 22. dxe6 Nxe6 23. Bxd6 Nxd6 24. e5 Nd4 25. Bxd7 Nxc2 26. Rxd6 a3 27. bxa3 b4 28. axb4 Nxb4 29. e6 Na6 30. e7 1-0

[Event "GRE-ch U20 Girls"]
[Site "Chania"]
[Date "2017.01.05"]
[Round "6.12"]
[White "Foinikianaki, Stella"]
[Black "Aleiferi, Aikaterini"]
[Result "1-0"]
[WhiteElo "1155"]
[BlackElo "1104"]
[PlyCount "125"]
[EventDate "2017.01.02"]
[EventType "swiss"]
[EventRounds "9"]
[EventCountry "GRE"]
[SourceTitle "EXT 2024"]
[Source "ChessBase"]
[SourceDate "2023.10.10"]
[SourceVersion "1"]
[SourceVersionDate "2023.10.10"]
[SourceQuality "1"]

1. e4 e5 2. Nf3 Nc6 3. Bc4 Bc5 4. c3 Nf6 5. d4 exd4 6. cxd4 Bb4+ 7. Bd2 Bxd2+ 8. Nbxd2 0-0 9. d5 Ne7 10. 0-0 d6 11. h3 Re8 12. Re1 Ng6 13. Qc2 Bd7 14. Rac1 Re7 15. Bf1 Rc8 16. Qb3 b6 17. Ba6 Rb8 18. Nd4 Ne5 19. Bb5 Re8 20. Bxd7 Qxd7 21. Nb5 Rb7 22. Nd4 Nh5 23. Nc6 Nf4 24. Nxe5 dxe5 25. Nf3 Rbb8 26. Qc3 Rbc8 27. Nxe5 Qd6 28. Nd3 Nxd3 29. Qxd3 Qe7 30. Qc3 Qd7 31. Qc6 Qd8 32. Qb7 a5 33. Rc4 Re7 34. d6 Rd7 35. dxc7 Rdxc7 36. Rxc7 Qxc7 37. Qxc7 Rxc7 38. Rd1 g6 39. Rd6 Rb7 40. Kf1 Kg7 41. Ke2 Kh6 42. Kd3 Kg5 43. Rd5+ Kf4 44. Kd4 Rc7 45. Kd3 f5 46. exf5 gxf5 47. Rd6 b5 48. Rd5 Rb7 49. Rd6 Ke5 50. Ra6 Rd7+ 51. Kc2 a4 52. Rb6 Rc7+ 53. Kd3 Rd7+ 54. Kc3 Rd5 55. Kb4 Kd4 56. Rxb5 Rxb5+ 57. Kxb5 Kd3 58. Kxa4 Ke2 59. f4 h5 60. b4 Ke3 61. b5 Kxf4 62. b6 Kg3 63. b7 1-0

[Event "GRE-ch U20 Girls"]
[Site "Chania"]
[Date "2017.01.03"]
[Round "2.10"]
[White "Foinikianaki, Stella"]
[Black "Kaliontzaki, Argyro Evanthia"]
[Result "0-1"]
[WhiteElo "1155"]
[BlackElo "1093"]
[PlyCount "76"]
[EventDate "2017.01.02"]
[EventType "swiss"]
[EventRounds "9"]
[EventCountry "GRE"]
[SourceTitle "EXT 2024"]
[Source "ChessBase"]
[SourceDate "2023.10.10"]
[SourceVersion "1"]
[SourceVersionDate "2023.10.10"]
[SourceQuality "1"]

1. e4 c5 2. Nf3 Nc6 3. d3 e6 4. Nc3 d5 5. exd5 exd5 6. Qe2+ Nge7 7. Qd1 g6 8. g3 Bg7 9. Bg2 0-0 10. 0-0 Bf5 11. Bg5 Qd7 12. Bxe7 Nxe7 13. Re1 Rad8 14. Ne5 Qc7 15. Qe2 Rfe8 16. g4 Bc8 17. Nxf7 Kxf7 18. Bxd5+ Nxd5 19. Ne4 Kg8 20. Qf3 Qf4 21. Qxf4 Nxf4 22. Nxc5 Bxb2 23. Rab1 Bd4 24. Nb3 Bb6 25. a4 a5 26. d4 Ne2+ 27. Kf1 Nxd4 28. Na1 Ba7 29. c3 Nf3 30. Rxe8+ Rxe8 31. Nc2 Nxh2+ 32. Kg2 Nxg4 33. Rb5 Re2 34. Rxa5 Rxf2+ 35. Kg1 Rxc2+ 36. Rxa7 Rxc3 37. Ra5 Kf7 38. Rd5 Rc1+ 0-1

[Event "GRE-ch U20 Girls"]
[Site "Chania"]
[Date "2017.01.03"]
[Round "3.10"]
[White "Koukouraki, Hrisi"]
[Black "Foinikianaki, Stella"]
[Result "1-0"]
[WhiteElo "1245"]
[BlackElo "1155"]
[PlyCount "97"]
[EventDate "2017.01.02"]
[EventType "swiss"]
[EventRounds "9"]
[EventCountry "GRE"]
[SourceTitle "EXT 2024"]
[Source "ChessBase"]
[SourceDate "2023.10.10"]
[SourceVersion "1"]
[SourceVersionDate "2023.10.10"]
[SourceQuality "1"]

1. e4 e5 2. Nf3 Nc6 3. Bc4 Bc5 4. c3 Nf6 5. d3 0-0 6. Bb3 d6 7. Nbd2 d5 8. Qe2 d4 9. c4 Nh5 10. g3 Re8 11. 0-0 Bg4 12. Bc2 Bb4 13. a3 Bxd2 14. Bxd2 Qf6 15. Bd1 Qg6 16. Kg2 f5 17. h3 Bxf3+ 18. Qxf3 Nf4+ 19. Bxf4 exf4 20. exf5 Qxf5 21. Bc2 Rf8 22. Qxf4 Qxf4 23. gxf4 Rxf4 24. Rae1 Rf5 25. Re4 Re5 26. Rxe5 Nxe5 27. Re1 Ng6 28. Re4 Rd8 29. Bd1 Kf7 30. Bh5 Kf6 31. Bxg6 Kxg6 32. Re7 Rd6 33. Rxc7 Rb6 34. b4 Ra6 35. Rd7 Rxa3 36. Rxd4 a6 37. Rd7 b5 38. c5 Rc3 39. Rd6+ Kf5 40. Rxa6 Rxd3 41. Rb6 Rc3 42. Rxb5 Ke6 43. Rb7 Kf6 44. Rc7 Rc4 45. b5 Rb4 46. b6 Rb5 47. b7 Kg6 48. Rc6+ Kh5 49. Rb6 1-0

[Event "GRE-ch U20 Girls"]
[Site "Chania"]
[Date "2017.01.02"]
[Round "1.5"]
[White "Petraki, Argiro"]
[Black "Foinikianaki, Stella"]
[Result "1-0"]
[WhiteElo "1714"]
[BlackElo "1155"]
[PlyCount "57"]
[EventDate "2017.01.02"]
[EventType "swiss"]
[EventRounds "9"]
[EventCountry "GRE"]
[SourceTitle "EXT 2024"]
[Source "ChessBase"]
[SourceDate "2023.10.10"]
[SourceVersion "1"]
[SourceVersionDate "2023.10.10"]
[SourceQuality "1"]

1. e4 e5 2. Nf3 Nc6 3. d4 exd4 4. Nxd4 Bc5 5. Nb3 Bb6 6. Nc3 Nf6 7. Qe2 Qe7 8. f3 d6 9. Be3 Bxe3 10. Qxe3 Be6 11. 0-0-0 Bxb3 12. cxb3 0-0 13. Kb1 Rfd8 14. Qf2 Qe5 15. Bd3 Qd4 16. Qh4 Qe5 17. Nd5 h6 18. f4 Qd4 19. Bc2 Qc5 20. Nxf6+ gxf6 21. Rd5 Qe3 22. Qxh6 Ne7 23. Rh5 Ng6 24. e5 Qxf4 25. Qh7+ Kf8 26. e6 Ne5 27. Rf5 Qg4 28. Rxf6 Qg7 29. e7+ 1-0